Theory of Black Hole Accretion Discs. (Record no. 5740)

MARC details
000 -LEADER
fixed length control field 00557nam a22001937a 4500
003 - CONTROL NUMBER IDENTIFIER
control field OSt
005 - DATE AND TIME OF LATEST TRANSACTION
control field 20170324140548.0
008 - FIXED-LENGTH DATA ELEMENTS--GENERAL INFORMATION
fixed length control field 170324b xxu||||| |||| 00| 0 eng d
020 ## - INTERNATIONAL STANDARD BOOK NUMBER
International Standard Book Number 0521623626
040 ## - CATALOGING SOURCE
Transcribing agency DDC.
082 ## - DEWEY DECIMAL CLASSIFICATION NUMBER
Classification number 523.8875THE 1998
100 ## - MAIN ENTRY--PERSONAL NAME
Personal name Edited by abranowicz,M.A;Bjornsson and Pringle,J,E;
9 (RLIN) 11949
245 ## - TITLE STATEMENT
Title Theory of Black Hole Accretion Discs.
260 ## - PUBLICATION, DISTRIBUTION, ETC. (IMPRINT)
Place of publication, distribution, etc. Cambridge:
Name of publisher, distributor, etc. Cambridge University Press.
Date of publication, distribution, etc. 1998.
300 ## - PHYSICAL DESCRIPTION
Extent xi,293p;
Other physical details ill:
Dimensions 24cm
504 ## - BIBLIOGRAPHY, ETC. NOTE
Bibliography, etc includes references.
650 ## - SUBJECT ADDED ENTRY--TOPICAL TERM
Topical term or geographic name as entry element Physics,
9 (RLIN) 809
942 ## - ADDED ENTRY ELEMENTS (KOHA)
Source of classification or shelving scheme Dewey Decimal Classification
Koha item type Open Shelf
Holdings
Withdrawn status Lost status Source of classification or shelving scheme Damaged status Not for loan Home library Current library Date acquired Source of acquisition Inventory number Total Checkouts Full call number Barcode Date last seen Koha item type
    Dewey Decimal Classification     MUST Main Library MUST Main Library 24/03/2017   05/24862   523.8875THE 1998 2017-0542 24/03/2017 Open Shelf
    Dewey Decimal Classification     MUST Main Library MUST Main Library 24/03/2017   04/22648   523.8875THE 1998 2017-0543 24/03/2017 Open Shelf
    Dewey Decimal Classification     MUST Main Library MUST Main Library 24/03/2017   04/20858   523.8875THE 1998 2017-0544 24/03/2017 Open Shelf
    Dewey Decimal Classification     MUST Main Library MUST Main Library 24/03/2017   04/20860   523.8875THE 1998 2017-0545 24/03/2017 Open Shelf
    Dewey Decimal Classification     MUST Main Library MUST Main Library 24/03/2017   04/22647   523.8875THE 1998 2017-0546 24/03/2017 Open Shelf
    Dewey Decimal Classification     MUST Main Library MUST Main Library 24/03/2017   05/24861   523.8875THE 1998 2017-0547 24/03/2017 Open Shelf